| 000 | 00354nam a2200145Ia 4500 | ||
|---|---|---|---|
| 100 | _aChassiang/Rulph | ||
| 650 | _aDSP | ||
| 942 | _cRB | ||
| 654 | _aDSP | ||
| 245 | _aDigital signal processing and applications with the C6713 and C6416 DSK | ||
| 260 |
_bWiley Interscience _c2005 |
||
| 082 |
_a621.3822/CHA _bCHA |
||
| 300 | _a518 | ||
| 546 | _aENGLISH | ||
| 999 |
_c29715 _d29715 |
||